Tín ngưỡng thờ nữ thần của cư dân ven biển tỉnh Khánh Hoà
Trình bày về truyền thống và biến đổi của tín ngưỡng thờ nữ thần của cư dân ven biển Khánh Hoà cùng vai trò của tín ngường thờ nữ thần nơi đây; một số vấn đề bảo tồn văn hoá tín ngưỡng
保存先:
| 第一著者: | |
|---|---|
| フォーマット: | 図書 |
| 言語: | Vietnamese |
| 出版事項: |
H.
Mỹ thuật
2016
|
| 主題: | |
| タグ: |
タグ追加
タグなし, このレコードへの初めてのタグを付けませんか!
|
| Thư viện lưu trữ: | Mạng thư viện Đại học Đà Nẵng |
|---|
| LEADER | 01559nam a2200361 4500 | ||
|---|---|---|---|
| 001 | 000025091 | ||
| 003 | 21582 | ||
| 005 | 20170508110547.0 | ||
| 008 | 170504s2016 viesd | ||
| 041 | 0 | |a vie | |
| 082 | 1 | 4 | |a 398.410959756 |b NG-X |
| 100 | 1 | |a Nguyễn Thị Thanh Xuyên | |
| 245 | 1 | 0 | |a Tín ngưỡng thờ nữ thần của cư dân ven biển tỉnh Khánh Hoà |c Nguyễn Thị Thanh Xuyên |
| 260 | |a H. |b Mỹ thuật |c 2016 | ||
| 300 | |a 494 tr. |b ảnh, bảng |c 21 cm. | ||
| 500 | |a ĐTTS ghi: Hội Văn nghệ dân gian Việt Nam | ||
| 504 | |a Thư mục: tr. 329-344. - Phụ lục: tr. 345-489 | ||
| 520 | 3 | |a Trình bày về truyền thống và biến đổi của tín ngưỡng thờ nữ thần của cư dân ven biển Khánh Hoà cùng vai trò của tín ngường thờ nữ thần nơi đây; một số vấn đề bảo tồn văn hoá tín ngưỡng | |
| 650 | 0 | 4 | |a Văn học dân gian |x Tín ngưỡng dân gian |z Khánh Hòa (Việt Nam) |
| 653 | |a Thờ nữ thần | ||
| 653 | |a Khánh Hòa | ||
| 653 | |a Cư dân | ||
| 653 | |a Ven biển | ||
| OWN | |a LSP | ||
| AVA | |a UDN50 |b LSP |d 398.410959756 NG-X |e available |t Error 5001 Not defined in file expand_doc_bib_avail. |f 1 |g 0 |h N |i 0 |k 1 | ||
| 999 | |a From the UDN01 | ||
| AVA | |a UDN50 |b LSP |d 398.410959756 NG-X |e available |t Error 5001 Not defined in file expand_doc_bib_avail. |f 1 |g 0 |h N |i 0 |k 1 | ||
| TYP | |a Monograph | ||
| TYP | |a Printed language | ||
| 980 | |a Mạng thư viện Đại học Đà Nẵng | ||